000 00414nam a2200181Ia 4500
005 20250603144550.0
008 250603s9999 xx 000 0 und d
020 _a9781540400
050 _aPR 9387.9 .G34 .B4/
100 _aGbadamosi, Rasheed
245 0 _aBehold my redeemer
260 _aIbadan
260 _bUniversity press ltd
260 _c2008
300 _a61 p
650 _aIbadan
942 _cBK
999 _c39296
_d39296